Hinduism Vs Movement of Undtouchables in India (Record no. 6831)
[ view plain ]
| 000 -LEADER | |
|---|---|
| fixed length control field | 00602nam a2200241 a 4500 |
| 020 ## - INTERNATIONAL STANDARD BOOK NUMBER | |
| ISBN | |
| 082 00 - DEWEY DECIMAL CLASSIFICATION NUMBER | |
| Classification number | 306.0899145 |
| Author Cutter | RAJ |
| 100 ## - MAIN ENTRY--AUTHOR NAME | |
| Author name | Rajshekar, V T |
| 245 ## - TITLE STATEMENT | |
| Title | Hinduism Vs Movement of Undtouchables in India |
| 260 ## - PUBLICATION, DISTRIBUTION, ETC. (IMPRINT) | |
| Place of publication | Bangalore |
| Name of publisher | Dalit Sahitya Akademy |
| Year of publication | 1983 |
| 300 ## - PHYSICAL DESCRIPTION | |
| Number of Pages | 14p |
| 500 ## - GENERAL NOTE | |
| General note | includes index and biblioraphy |
| 505 2# - FORMATTED CONTENTS NOTE | |
| Formatted contents note | Foot Notes |
| 650 ## - SUBJECT ADDED ENTRY--TOPICAL TERM | |
| Topical Term | Caste-India |
| 942 ## - ADDED ENTRY ELEMENTS (KOHA) | |
| Koha item type | Books |
| 700 1# - | |
| -- | Rajshekar, V T |
| Collection code | Home library | Current library | Date acquired | Cost, normal purchase price | Full call number | Accession Number | Koha item type |
|---|---|---|---|---|---|---|---|
| Henry Martyn Institute Library | Henry Martyn Institute Library | 04/02/2007 | 1.50 | 306.0899145 RAJ | 010751 | Books |
